000
00223nam a2200097Ia 4500
008
220601s9999 xx 000 0 und d
020
_a
33228011460373
100
_a
D SAVOY
_9
132917
245
0
_a
MIDNIGHT MAGIC
942
_c
BK
_w
561
_x
John Tresidder
_y
561
_z
John Tresidder
999
_c
667128
_d
667127